000 01266nam0a22002891 4500
001 rc\3802391
005 20260407024844.0
021 _aRU
_b[75-29856]
035 _a(NLR Aleph) 007256403
090 _a5260396
_c5260396
100 _a20120311d1975 |||y0rusy50 ca
101 0 _arus
102 _aRU
105 _aa z |||||
200 1 _aИнтродукция растений и окружающая среда
_e[Сборник статей
_fРедколлегия: акад., д-р биол. наук, проф. Н.В. Смольский (отв. ред.) и др.]
_gАН БССР. Центр. ботан. сад
210 _aМинск
_cНаука и техника
_d1975
215 _a237 с.
_cил.
_d20
320 _aСписки лит. в конце статей
606 _aЭкология растений
_jСборники
_2psbo
606 _aРастения
_xАкклиматизация и интродукция
_jСборники
_2psbo
702 1 _aСмольский
_bН.В.
_gНиколай Владиславович
_4340
712 0 2 _aБотанический сад
_cМинск
_3RU\NLR\AUTH\8810010534
_9518729
801 0 _aRU
_bNLR
_gpsbo
801 1 _aRU
_bELAR
_2rusmarc
852 _aNLR
_j75-3/1919
942 _cBOOK
980 _aNB